Generator Puzzle (13-Letters) #6 - Statistics

General Stats
  • This quiz has been taken 125 times
  • The average score is 13 of 21
Answer Stats
Hint Answer % Correct
Ship's commander Captain
94%
Buckingham abode Palace
88%
Fable writer Aesop
82%
Athens philosopher Plato
81%
Big-billed sea bird Pelican
73%
Family favouritism Nepotism
67%
Flapjack, blintz eg. Pancake
67%
Author Lemony Snicket
66%
King Arthur's realm Camelot
65%
Easy, basic Simple
64%
Sockeye fish Salmon
62%
Whinge, gripe Complain
57%
5th Greek letter Epsilon
55%
African coastal nation Somalia
52%
Channel tunnel city Calais
48%
Narnian Prince Caspian
47%
Incendiary jelly Napalm
41%
Resident of Apia Samoan
41%
K2 is its highest point Pakistan
38%
John Ronald Reuel Tolkien
36%
13-Letter Word KLEPTOMANIACS
30%
No matching quizzes found
Score Distribution
Percent of People with Each Score
Percentile by Number Answered
Your Score History
You have not taken this quiz